LEADER 00848nam a2200217 i 4500 001 000000184946 003 CaOOAMICUS 005 20100122000000.0 008 100122s1942 it u000 u ita u 013 $a162933 040 $aSeMil$bita 100 1 $aBuonaiuti, Ernesto,$d<1881-1946>.$0(OLS)http://semarc/name/497 245 10$aEvo antico /$cErnesto Buonaiuti. 260 $aMilano :$bCorbaccio,$cstampa 1942. 300 $a552 p. ;$c22 cm. 500 $aReca la dizione: Libro all'indice. 773 0 $aBuonaiuti, Ernesto <1881-1946>$tStoria del Cristianesimo.$dMilano : Corbaccio, 1942-1943.$g1$w()22776 850 $aSeMil 852 $aSeMil$W1$xVenegono$y1$m2X I 167$j135637$B135637$CSeMilBibl$Z2$F147179 $81 996 $6245$aEvo antico$9(OLS)http://semarc/title/265603 996 $6260$aMilano :$bCorbaccio$9(OLS)http://semarc/publisher/31394 LEADER 01167nam a2200229 i 4500 001 000000191753 003 CaOOAMICUS 005 20161206000000.0 008 161206s1985 it u000 u ita u 013 $a170325 040 $aSeMil$bita 245 10$aTra Resistenza e servizi segreti :$bdocumenti, Archivio Migliari - S.I.M.N.I.(Servizio informazioni militari Nord Italia) /$c(a cura) Aminta Migliari "Giorgio". 260 $aTorino :$bAutonomi,$cstampa 1985. 300 $a570, V p. :$bill. ;$c25 cm. 650 4$aResistenza - Italia - Fonti archivistiche.$0(OLS)http://semarc/subject/26487 650 4$aMigliari Aminta - Archivio - 1944-1945.$0(OLS)http://semarc/subject/46496 700 1 $aMigliari, Aminta.$0(OLS)http://semarc/name/69995 850 $aSeMil 852 $aSeMil$W1$xVenegono$y1$m3W II 17$j142361$B142361$CSeMilBibl$Z2$F216981 $81 961 $aOmaggio: Grampa dott. Cesare 996 $6245$aTra Resistenza e servizi segreti :$bdocumenti, Archivio Migliari - S.I.M.N.I.(Servizio informazioni militari Nord Italia)$9(OLS)http://semarc/title/276278 996 $6260$aTorino :$bAutonomi$9(OLS)http://semarc/publisher/50342